Journal of Democracy (Record no. 257)

MARC details
000 -LEADER
fixed length control field 00357nam a22001217a 4500
008 - FIXED-LENGTH DATA ELEMENTS--GENERAL INFORMATION
fixed length control field 230605b xxu||||| |||| 00| 0 eng d
082 ## - DEWEY DECIMAL CLASSIFICATION NUMBER
Classification number 321.80520
Item number JOD
245 ## - TITLE STATEMENT
Title Journal of Democracy
Remainder of title China's Changing of Guard
260 ## - PUBLICATION, DISTRIBUTION, ETC. (IMPRINT)
Place of publication, distribution, etc. Baltimore,US
Name of publisher, distributor, etc. The Hopkins University Press,Journals Division
Date of publication, distribution, etc. January 2003
300 ## - PHYSICAL DESCRIPTION
Extent 189p
440 ## - SERIES STATEMENT/ADDED ENTRY--TITLE
Number of part/section of a work 1
Volume/sequential designation 14
942 ## - ADDED ENTRY ELEMENTS (KOHA)
Source of classification or shelving scheme Dewey Decimal Classification
Koha item type Books
Holdings
Withdrawn status Lost status Source of classification or shelving scheme Damaged status Not for loan Home library Current library Date acquired Total Checkouts Full call number Date last seen Price effective from Koha item type
    Dewey Decimal Classification     Bunge Tower Library Bunge Tower Library 06/05/2023   321.80520 JOD 06/05/2023 06/05/2023 Books
LIBRARY OPENING HOURS

When the Parliament is sitting: 8.00a.m - 7.00p.m or until the house adjourns
Mondays and Fridays and when the House is on Recess:  8.00a.m - 5.00p.m
Closed on Weekends and Public Holidays

Online Public Access Catalog (OPAC)
Website: http://www.parliament.go.ke
Bunge Library: https://libraryir.parliament.go.ke
Contact: library@parliament.go.ke | Tel no: (254-2)2221291 or 2848000 Ext 5043